| 000 | 00734nam a2200241Ia 4500 | ||
|---|---|---|---|
| 003 | OSt | ||
| 005 | 20221005120704.0 | ||
| 006 | a|||||r|||| 00| 0 | ||
| 007 | ta | ||
| 008 | 221004b |||||||| |||| 00| 0 eng d | ||
| 024 | _a51641 | ||
| 037 | _cTextual | ||
| 040 |
_aCRL _cCRL _beng |
||
| 041 |
_2eng _aeng |
||
| 082 | _aT4t3:N10, E19 | ||
| 110 | _aINDIA, EDUCATION( BUREAU OF -) | ||
| 245 | 0 |
_aEssential of a university in agreat centre of population _b Report of pt 2 of the final report of the Royal commission on university education in London . |
|
| 260 | _c1972 | ||
| 650 | _aEDUCATION | ||
| 700 | _aINDIA, EDUCATION( BUREAU OF -) | ||
| 942 |
_hT4t3:N10, E19 _cTEXL _2cc |
||
| 999 |
_c1038810 _d1038810 |
||